|
|
|
|
| LEADER |
00000naa2a2200000 4500 |
| 001 |
387177 |
| 005 |
20231101063559.0 |
| 035 |
|
|
|a (RuTPU)RU\TPU\prd\16675
|
| 090 |
|
|
|a 387177
|
| 100 |
|
|
|a 20030829a2003 k y0rusy50 ca
|
| 101 |
0 |
|
|a rus
|
| 102 |
|
|
|a RU
|
| 200 |
1 |
|
|a Анализ и опыт применения частотных преобразователей на линиях по производству полимерных рукавных плёнок
|f С. Г. Сажин, Р. В. Отекин
|
| 225 |
1 |
|
|a Приборы и системы автоматизации
|
| 461 |
|
1 |
|0 (RuTPU)RU\TPU\prd\1687
|t Приборы и системы. Управление, контроль, диагностика
|o научно-технический и производственный журнал
|d 2000-
|
| 463 |
|
1 |
|0 (RuTPU)RU\TPU\prd\16264
|t № 6
|v С. 26-28
|d 2003
|
| 610 |
1 |
|
|a частотные преобразователи
|
| 610 |
1 |
|
|a линии
|
| 610 |
1 |
|
|a полимерные плёнки
|
| 610 |
1 |
|
|a рукавные плёнки
|
| 610 |
1 |
|
|a плёнки
|
| 610 |
1 |
|
|a электроприводы
|
| 700 |
|
1 |
|a Сажин
|b С. Г.
|
| 701 |
|
1 |
|a Отекин
|b Р. В.
|
| 801 |
|
1 |
|a RU
|b 63413507
|c 20030829
|g PSBO
|
| 801 |
|
2 |
|a RU
|b 63413507
|c 20121008
|g RCR
|
| 942 |
|
|
|c BK
|